| 000 | 01453nam0a2200397 4500 | ||
|---|---|---|---|
| 001 | RU\NLR\bibl\241248 | ||
| 005 | 20250619113840.0 | ||
| 010 |
_a5-09-010718-1 _920000 |
||
| 021 |
_aRU _b2001-44257 _92112 |
||
| 035 | _a(NLR Aleph) 000237128 | ||
| 090 |
_a1381205 _c1381205 |
||
| 100 | _a20020305d2001 |||y0rusy50 ca | ||
| 101 | 0 | _arus | |
| 102 | _aRU | ||
| 105 | _aa ||||||||| | ||
| 200 | 1 |
_aФранцузский язык _eУчеб. для 6 кл. шк. с углубл. изуч. фр. яз. _fА. С. Кулигина |
|
| 210 |
_aМ. _cПросвещение _d2001 |
||
| 215 |
_a191,[1] с. _cил. _d26 |
||
| 225 | 1 | _aMéthode de français | |
| 300 | _aНа обл.: Le français en perspective / A. Kuligina | ||
| 512 | 1 |
_6z55790 _aLe français en perspective |
|
| 606 | 0 |
_aФранцузский язык _jУчебники для средней школы _91524672 _3RU\NLR\auth\66964829 |
|
| 610 | 0 | _aФранцузский язык | |
| 675 |
_a373.167.1:811.133.1 _v3 _zrus |
||
| 675 |
_a811.133.1(075.3) _v3 _zrus |
||
| 686 |
_a14.25 _2rugasnti |
||
| 686 |
_a81.2Рус-922 _2rubbk |
||
| 686 | _aШ147.11-93рус221[6] | ||
| 700 | 1 |
_aКулигина _bА. С. _gАнтонина Степановна _4070 |
|
| 790 | 1 |
_6z55512 _aKuligina _bA. S. _gAntonina Stepanovna _4070 |
|
| 801 | 0 |
_aRU _bRKP _c20020305 _gPSBO |
|
| 801 | 1 |
_aRU _bRKP _c20020305 |
|
| 801 | 2 |
_aRU _bNLR _c20050411 _grcr |
|
| 942 | _cBOOK | ||
| 980 | _aNB | ||